Regioni italiane per punto più alto - Statistics

Statistiche generali
  • Questo quiz è stato fatto 52 volte
  • Il punteggio medio è 13 su 20
Statistiche sulle risposte
Altitudine (m) Punto regionale più alto Regione % Corretto
3 343 Etna Sicilia
98%
4 810 Monte Bianco Valle d'Aosta
98%
4 618 Grenzgipfel (Monte Rosa) Piemonte
91%
2 912 Corno Grande (Gran Sasso) Abruzzo
87%
3 342 Marmolada Veneto
85%
3 902 Ortles Trentino-Alto Adige
83%
4 021 Punta Perrucchetti (Massiccio del Bernina) Lombardia
81%
1 834 Punta La Marmora (Massiccio del Gennargentuu) Sardegna
79%
2 780 Monte Coglians Friuli-Venezia Giulia
74%
2 476 Monte Vettore Marche
64%
2 267 Serra Dolcedorme (Massiccio Pollino) Calabria
57%
2 267 Serra Dolcedorme (Massiccio Pollino) Basilicata
55%
2 165 Monte Cimone Emilia-Romagna
53%
2 458 Monte Gorzano Lazio
49%
1 152 Monte Cornacchia Puglia
47%
2 054 Monte Prado Toscana
43%
2 242 Monte Meta Molise
40%
2 448 Cima del Redentore Umbria
40%
1 923 La Gallinola Campania
38%
2 201 Monte Saccarello Liguria
38%
Nessun quiz corrispondente trovato
Distribuzione punteggi
Percentuale di utenti per punteggio
Percentile per numero di risposta
I tuoi punteggi nel tempo
Non hai fatto questo quiz